000 00535nam a2200193 i 4500
001 17850
003 ES-MaACL
005 20240224063055.0
007 t|
008 010607s2000 sp ||||1| spa d
020 _a84-204-4226-7
080 _a821.111(73)-31"19"
100 0 _aRoth, Philip,
_d1933-2018
_999959
245 1 0 _aMe casé con un comunista /
_cPhilip Roth.
260 _aMadrid :
_bAlfaguara,
_c[2000]
300 _a463 p. ;
_c24 cm.
852 _aES-MaACL
_jL-24619
_bR.129945
999 _c17850
_d17850